Skip to content

Меняющийся мир: гомеостаз, аллостаз, адаптация монография

Монография посвящена изучению вопросов адаптации организма человека в условиях меняющегося мира. Рассмотрены понятия гомеостаза, аллостаза, аллостатической нагрузки, адаптации и стресса. Представлены данные собственных исследований особенностей адаптации организма людей предпенсионного возраста. Кни...

Full description

Saved in:
Bibliographic Details
Main Author: Севрюкова Г. А.
Other Authors: Хвастунова И. В.
Format: Книга
Language:Russian
Published: Волгоград ВолгГМУ 2022
Online Access:https://e.lanbook.com/book/498386
https://e.lanbook.com/img/cover/book/498386.jpg
Tags: Add Tag
No Tags, Be the first to tag this record!
LEADER 01870nam0a2200289 i 4500
001 498386
003 RuSpLAN
005 20250721121344.0
008 250721s2022 ru gs 000 0 rus
020 |a 978-5-9652-0802-9 
040 |a RuSpLAN 
041 0 |a rus 
044 |a ru 
080 |a 612 
084 |a 27.073  |2 rubbk 
245 0 0 |a Меняющийся мир: гомеостаз, аллостаз, адаптация  |b монография  |c Севрюкова Г. А.,Хвастунова И. В. 
260 |a Волгоград  |b ВолгГМУ  |c 2022 
300 |a 88 с. 
504 |a Библиогр.: доступна в карточке книги, на сайте ЭБС Лань 
520 8 |a Монография посвящена изучению вопросов адаптации организма человека в условиях меняющегося мира. Рассмотрены понятия гомеостаза, аллостаза, аллостатической нагрузки, адаптации и стресса. Представлены данные собственных исследований особенностей адаптации организма людей предпенсионного возраста. Книга предназначена для социологов, психологов, психофизиологов, физиологов и может быть полезна для студентов высших учебных заведений. 
521 8 |a Книга из коллекции ВолгГМУ - Медицина 
521 8 |a СЭБ 
100 1 |a Севрюкова Г. А. 
700 1 |a Хвастунова И. В. 
856 4 |u https://e.lanbook.com/book/498386 
856 4 8 |u https://e.lanbook.com/img/cover/book/498386.jpg 
953 |a https://e.lanbook.com/img/cover/book/498386.jpg